| 000 | 00440nam a22001817a 4500 | ||
|---|---|---|---|
| 003 | MPLRDC | ||
| 005 | 20220104114110.0 | ||
| 008 | 210129b ||||| |||| 00| 0 eng d | ||
| 020 | _a957-08-0246-4 | ||
| 082 | _a782.886 JJG-4 | ||
| 100 | _a周玉蔻 | ||
| 245 |
_a蒋经国与章亚若 _c |
||
| 250 | _a六印 | ||
| 260 |
_a _b联经出版事业公司 _c1990 |
||
| 300 | _b平 | ||
| 650 | _a蒋经国传记 | ||
| 942 |
_cBK _o782.886 JJG-4 |
||
| 999 |
_c4802 _d4792 |
||